Current agrarian crisis in Punjab: Causes and remedies (Record no. 103585)

000 -LEADER
fixed length control field 00467pab a2200169 454500
008 - FIXED-LENGTH DATA ELEMENTS--GENERAL INFORMATION
fixed length control field 180718b2013 xxu||||| |||| 00| 0 eng d
100 ## - MAIN ENTRY--PERSONAL NAME
Personal name Sharma, Neeraj
245 ## - TITLE STATEMENT
Title Current agrarian crisis in Punjab: Causes and remedies
260 ## - PUBLICATION, DISTRIBUTION, ETC.
Date of publication, distribution, etc. 2013
300 ## - PHYSICAL DESCRIPTION
Extent p.150-168.
650 ## - SUBJECT ADDED ENTRY--TOPICAL TERM
Topical term or geographic name entry element Agrarian structure - India - Punjab
650 ## - SUBJECT ADDED ENTRY--TOPICAL TERM
Topical term or geographic name entry element Agrarian structure
700 ## - ADDED ENTRY--PERSONAL NAME
Personal name Harinder Mohan
773 ## - HOST ITEM ENTRY
Main entry heading Research Journal social Sciences
908 ## - PUT COMMAND PARAMETER (RLIN)
Put command parameter N
909 ## -
-- 103589
Holdings
Withdrawn status Lost status Damaged status Not for loan Permanent Location Current Location Date acquired Serial Enumeration / chronology Barcode Date last seen Price effective from Koha item type
        Indian Institute of Public Administration Indian Institute of Public Administration 2018-07-19 Volume no: 21, Issue no: 3 AR104049 2018-07-19 2018-07-19 Articles

Powered by Koha